Uncle Sam's policemen: the pursuit of fugitives across borders
Introduction: crimes of mobility -- The embezzlement epidemic -- Detectives without borders -- An empire of justice -- Extradition havens -- Asylum no more -- Camouflaged extradition -- From the Pinkertons to the FBI -- Epilogue: how rendition became extraordinary
| 1. VerfasserIn: | |
|---|---|
| Medienart: | Druck Buch |
| Sprache: | Englisch |
| Veröffentlicht: |
Cambridge, Massachusetts London, England
Harvard University Press
2015
|
| In: | Jahr: 2015 |
| Online-Zugang: |
Inhaltsverzeichnis Inhaltsverzeichnis |
| Verfügbarkeit prüfen: | HBZ Gateway |
| Subito Bestelldienst: | Jetzt bestellen. |
| Schlagwörter: |
MARC
| LEADER | 00000cam a2200000 c 4500 | ||
|---|---|---|---|
| 001 | 817916725 | ||
| 003 | DE-627 | ||
| 005 | 20260206205056.0 | ||
| 007 | tu | ||
| 008 | 150210s2015 xxu||||| 00| ||eng c | ||
| 010 | |a 2015002112 | ||
| 020 | |a 9780674736924 |c hardcover : alk. paper |9 978-0-674-73692-4 | ||
| 020 | |a 0674736923 |9 0-674-73692-3 | ||
| 035 | |a (DE-627)817916725 | ||
| 035 | |a (DE-603)380866250 | ||
| 035 | |a (DE-576)470764171 | ||
| 035 | |a (DE-599)GBV817916725 | ||
| 035 | |a (OCoLC)956452694 | ||
| 035 | |a (OCoLC)956452694 | ||
| 040 | |a DE-627 |b ger |c DE-627 |e rda | ||
| 041 | |a eng | ||
| 044 | |c XD-US |c XA-GB | ||
| 050 | 0 | |a HV6791 | |
| 072 | 7 | |a HIS 036040 |2 bisacsh | |
| 072 | 7 | |a HIS036040 |2 bisacsh | |
| 072 | 7 | |a LAW060000 |2 bisacsh | |
| 082 | 0 | |a 364.3 |q LOC |2 23 | |
| 084 | |a AAC |q DE-7 |2 fid | ||
| 084 | |a PH 6405 |2 rvk |0 (DE-625)rvk/136436:406 | ||
| 084 | |a 15.87 |2 bkl | ||
| 100 | 1 | |a Unterman, Katherine |d 1976- |e VerfasserIn |0 (DE-588)1104286181 |0 (DE-627)861769821 |0 (DE-576)470927836 |4 aut | |
| 109 | |a Unterman, Katherine 1976- | ||
| 245 | 1 | 0 | |a Uncle Sam's policemen |b the pursuit of fugitives across borders |c Katherine Unterman |
| 264 | 1 | |a Cambridge, Massachusetts |a London, England |b Harvard University Press |c 2015 | |
| 300 | |a 280 Seiten |b Illustrationen |c 25 cm | ||
| 336 | |a Text |b txt |2 rdacontent | ||
| 337 | |a ohne Hilfsmittel zu benutzen |b n |2 rdamedia | ||
| 338 | |a Band |b nc |2 rdacarrier | ||
| 500 | |a Includes bibliographical references (pages 221-262) and index | ||
| 505 | 8 | |a Introduction: crimes of mobilityThe embezzlement epidemic -- Detectives without borders -- An empire of justice -- Extradition havens -- Asylum no more -- Camouflaged extradition -- From the Pinkertons to the FBI -- Epilogue: how rendition became extraordinary. | |
| 520 | |a Introduction: crimes of mobility -- The embezzlement epidemic -- Detectives without borders -- An empire of justice -- Extradition havens -- Asylum no more -- Camouflaged extradition -- From the Pinkertons to the FBI -- Epilogue: how rendition became extraordinary | ||
| 648 | 7 | |a Geschichte 1870-1940 |2 gnd | |
| 650 | 0 | |a Fugitives from justice |z United States |x History | |
| 650 | 0 | |a Extradition |z United States |x History | |
| 650 | 0 | |a International crimes |x History | |
| 650 | 0 | |a Fugitives from justice |x History |x United States | |
| 650 | 0 | |a Extradition |x History |x United States | |
| 650 | 0 | |a International crimes |x History | |
| 650 | 0 | 7 | |0 (DE-588)4017598-4 |0 (DE-627)10632912X |0 (DE-576)208920641 |a Flucht |2 gnd |
| 650 | 0 | 7 | |0 (DE-588)4022782-0 |0 (DE-627)10446710X |0 (DE-576)208945814 |a Gefangener |2 gnd |
| 650 | 0 | 7 | |0 (DE-588)4130793-8 |0 (DE-627)105699837 |0 (DE-576)209621990 |a Grenze |2 gnd |
| 650 | 0 | 7 | |0 (DE-588)4127664-4 |0 (DE-627)10572310X |0 (DE-576)209595485 |a Verfolgung |2 gnd |
| 651 | 7 | |0 (DE-588)4078704-7 |0 (DE-627)106076612 |0 (DE-576)209209682 |a Usa |2 gnd | |
| 653 | 0 | |a Extradition |a History |a United States | |
| 653 | 0 | |a Fugitives from justice |a History |a United States | |
| 653 | 0 | |a International crimes |a History | |
| 653 | 0 | |a Extradition | |
| 653 | 0 | |a Fugitives from justice | |
| 653 | 0 | |a International crimes | |
| 689 | 0 | 0 | |d g |0 (DE-588)4078704-7 |0 (DE-627)106076612 |0 (DE-576)209209682 |a USA |2 gnd |
| 689 | 0 | 1 | |d s |0 (DE-588)4162101-3 |0 (DE-627)105465046 |0 (DE-576)209871008 |a Internationales Strafrecht |2 gnd |
| 689 | 0 | 2 | |d s |0 (DE-588)4130793-8 |0 (DE-627)105699837 |0 (DE-576)209621990 |a Grenze |2 gnd |
| 689 | 0 | 3 | |d s |0 (DE-588)4017598-4 |0 (DE-627)10632912X |0 (DE-576)208920641 |a Flucht |2 gnd |
| 689 | 0 | 4 | |d s |0 (DE-588)4127664-4 |0 (DE-627)10572310X |0 (DE-576)209595485 |a Verfolgung |2 gnd |
| 689 | 0 | 5 | |a z |2 gnd |a Geschichte 1870-1940 |
| 689 | 0 | |5 (DE-627) | |
| 856 | 4 | 2 | |u https://swbplus.bsz-bw.de/bsz470764171inh.htm |m B:DE-576;DE-Frei85 |q application/pdf |v 20160826134605 |x Verlag |3 Inhaltsverzeichnis |7 1 |
| 856 | 4 | 2 | |u http://scans.hebis.de/HEBCGI/show.pl?38086625_toc.pdf |m V:DE-576;B:DE-Frei85 |q application/pdf |3 Inhaltsverzeichnis |7 1 |
| 935 | |a mkri |a MZUSA | ||
| 935 | |i Blocktest | ||
| 936 | r | v | |a PH 6405 |b Strafverfahrensrecht, Strafvollzug, Gesetzgebungsmaterialien und -entwürfe zum Strafverfahrensrecht und Strafvollzug |k Rechtswissenschaft |k Strafrecht, Strafverfahrensrecht, Kriminologie |k Vergleichendes und ausländisches Straf- und Strafprozessrecht einschliesslich Strafvollzug |k Ausländisches Recht - Einzelne Länder |k Amerika |k Nordamerika |k USA |k Strafverfahrensrecht, Strafvollzug, Gesetzgebungsmaterialien und -entwürfe zum Strafverfahrensrecht und Strafvollzug |0 (DE-627)1271952823 |0 (DE-625)rvk/136436:406 |0 (DE-576)201952823 |
| 936 | b | k | |a 15.87 |j USA |x Geschichte |0 (DE-627)181569760 |
| 936 | s | n | |a p100 |2 mzub |
| 936 | s | n | |a m200 |2 mzub |
| 951 | |a BO | ||
| ELC | |b 1 | ||
| LOK | |0 000 xxxxxcx a22 zn 4500 | ||
| LOK | |0 001 3231138507 | ||
| LOK | |0 003 DE-627 | ||
| LOK | |0 004 817916725 | ||
| LOK | |0 005 20160822164102 | ||
| LOK | |0 008 160617||||||||||||||||ger||||||| | ||
| LOK | |0 040 |a DE-Frei85 |c DE-627 |d DE-Frei85 | ||
| LOK | |0 852 |a DE-Frei85 | ||
| LOK | |0 852 1 |m p |9 00 | ||
| LOK | |0 938 |k p | ||
| LOK | |0 939 |a 17-06-16 |b l01 | ||
| ORI | |a SA-MARC-krimdoka001.raw | ||
| TIM | |a 100018700101_100019401231 |b Geschichte 1870-1940 | ||
